[Event "Oberliga Ost A 2016 2017"]
[Site "Germany"]
[Date "2017.05.07"]
[Round "11.4"]
[White "Proehl, Holger"]
[Black "Schunk, Thomas"]
[Result "1-0"]
[WhiteElo "2360"]
[BlackElo "2185"]
[PlyCount "93"]
[EventDate "2016.10.16"]
[EventType "team-tourn"]
[EventCountry "GER"]
[WhiteTeam "Loeberitz SG"]
[BlackTeam "Leipzig SG II"]
[WhiteTeamCountry "GER"]
[BlackTeamCountry "GER"]

1. e4 e5 2. Nc3 Bc5 3. g3 Nf6 4. Bg2 O-O 5. Nge2 c6 6. O-O b5 7. d4 exd4 8.
Nxd4 b4 9. Na4 Be7 10. Nf5 Ba6 11. Re1 Bb5 12. c3 Ne8 13. Nxe7+ Qxe7 14. cxb4
Qxb4 15. Nc3 Bc4 16. Qc2 Be6 17. Be3 a5 18. Na4 Na6 19. Nc5 Nec7 20. Red1 Rfd8
21. b3 Nxc5 22. Bxc5 Qb5 23. Bf1 Qb7 24. f4 Bg4 25. Rd2 d5 26. Bg2 Re8 27. h3
Bd7 28. Kh2 Rad8 29. Rad1 Bc8 30. Bf2 Rd6 31. e5 Rh6 32. h4 Bg4 33. Rc1 Rhe6
34. Bc5 Rc8 35. Bd6 Ne8 36. Rxd5 cxd5 37. Qxc8 Qb5 38. Qc5 Qe2 39. Qxd5 h5 40.
Rc8 Kh7 41. Qe4+ Qxe4 42. Bxe4+ g6 43. Rc6 Nxd6 44. Rxd6 Rxd6 45. exd6 Bd7 46.
Bd5 Kg7 47. Kg2 1-0

[Event "Oberliga Ost A 2016 2017"]
[Site "Germany"]
[Date "2017.05.07"]
[Round "11.5"]
[White "Pietzsch, Manuel"]
[Black "Pallas, Sebastian"]
[Result "1/2-1/2"]
[WhiteElo "2107"]
[BlackElo "2225"]
[PlyCount "57"]
[EventDate "2016.10.16"]
[EventType "team-tourn"]
[EventCountry "GER"]
[WhiteTeam "Leipzig SG II"]
[BlackTeam "Loeberitz SG"]
[WhiteTeamCountry "GER"]
[BlackTeamCountry "GER"]

1. e4 c5 2. Nf3 d6 3. d4 cxd4 4. Nxd4 Nf6 5. Nc3 a6 6. f4 Nbd7 7. Qf3 e6 8. Bd3
Qb6 9. Nb3 Be7 10. Be3 Qc7 11. O-O b5 12. a3 Bb7 13. Rae1 O-O 14. g4 d5 15. e5
Ne8 16. Qh3 g6 17. Nd4 Ng7 18. Rf3 f6 19. Qh6 fxe5 20. Qxg7+ Kxg7 21. Nxe6+ Kg8
22. Nxc7 d4 23. N3d5 Bd6 24. Bd2 Bxc7 25. Nxc7 Rac8 26. Rf2 Rxc7 27. fxe5 Rxf2
28. Kxf2 Nc5 29. Bg5 1/2-1/2

[Event "Oberliga Ost A 2016 2017"]
[Site "Germany"]
[Date "2017.05.07"]
[Round "11.6"]
[White "Niegsch, Nicolas"]
[Black "Greger, Ubald"]
[Result "1/2-1/2"]
[WhiteElo "2191"]
[BlackElo "2079"]
[PlyCount "68"]
[EventDate "2016.10.16"]
[EventType "team-tourn"]
[EventCountry "GER"]
[WhiteTeam "Loeberitz SG"]
[BlackTeam "Leipzig SG II"]
[WhiteTeamCountry "GER"]
[BlackTeamCountry "GER"]

1. e4 d6 2. d4 Nf6 3. Nc3 e5 4. Nf3 Nbd7 5. g4 h6 6. g5 hxg5 7. Bxg5 c6 8. Qe2
Qa5 9. O-O-O b5 10. dxe5 Nxe5 11. Nxe5 dxe5 12. h4 Be7 13. Bh3 Bxh3 14. Rxh3
Qc7 15. f4 Nh5 16. Nxb5 Qb6 17. Qg4 f6 18. Qd7+ Kf8 19. Nc7 Rd8 20. Ne6+ Kf7
21. Nxd8+ Rxd8 22. Qg4 Rxd1+ 23. Qxd1 g6 24. Bh6 exf4 25. Rf3 Qc5 26. c3 g5 27.
hxg5 fxg5 28. Rh3 Ng3 29. Qb3+ Kf6 30. Qg8 Qe3+ 31. Kc2 Qxe4+ 32. Kc1 Qe1+ 33.
Kc2 Qe4+ 34. Kc1 Qe3+ 1/2-1/2

[Event "Oberliga Ost A 2016 2017"]
[Site "Germany"]
[Date "2017.05.07"]
[Round "11.7"]
[White "Dietze, Frank"]
[Black "Schuster, Martin"]
[Result "1/2-1/2"]
[WhiteElo "2141"]
[BlackElo "2223"]
[PlyCount "83"]
[EventDate "2016.10.16"]
[EventType "team-tourn"]
[EventCountry "GER"]
[WhiteTeam "Leipzig SG II"]
[BlackTeam "Loeberitz SG"]
[WhiteTeamCountry "GER"]
[BlackTeamCountry "GER"]

1. d4 Nf6 2. c4 e6 3. g3 d5 4. Nf3 Be7 5. Bg2 O-O 6. O-O dxc4 7. Qc2 a6 8. a4
Bd7 9. Qxc4 Bc6 10. Bf4 a5 11. Nc3 Na6 12. Rac1 Nb4 13. Ne5 Bxg2 14. Kxg2 Nfd5
15. Nxd5 Nxd5 16. Bd2 c6 17. Rfd1 Nb6 18. Qc2 Bf6 19. Nf3 Re8 20. e4 Nd7 21.
Be3 Rc8 22. Qb3 Qc7 23. Ne1 b6 24. f3 Qb7 25. Nd3 Qa6 26. Rd2 Red8 27. Rdc2 Nc5
28. Nxc5 bxc5 29. e5 cxd4 30. exf6 dxe3 31. Qxe3 gxf6 32. Rc4 Kf8 33. Qc5+ Ke8
34. Qh5 Rd2+ 35. Kh3 Qb6 36. R1c2 Rxc2 37. Rxc2 Rd8 38. Qxh7 Ke7 39. Qh5 Rd5
40. Qg4 Rd4 41. Rxc6 Qd8 42. Qh5 1/2-1/2

[Event "Oberliga Ost A 2016 2017"]
[Site "Germany"]
[Date "2017.05.07"]
[Round "11.8"]
[White "Ozols, Andris"]
[Black "Attig, Uwe"]
[Result "1/2-1/2"]
[WhiteElo "1624"]
[BlackElo "1871"]
[PlyCount "42"]
[EventDate "2016.10.16"]
[EventType "team-tourn"]
[EventCountry "GER"]
[WhiteTeam "Loeberitz SG"]
[BlackTeam "Leipzig SG II"]
[WhiteTeamCountry "GER"]
[BlackTeamCountry "GER"]

1. e4 e5 2. Nf3 Nc6 3. Bc4 Bc5 4. c3 Nf6 5. d3 d6 6. Nbd2 O-O 7. Nf1 h6 8. Ng3
a6 9. Bb3 d5 10. Nxe5 Bxf2+ 11. Kxf2 Nxe5 12. Rf1 Nfg4+ 13. Kg1 Qh4 14. h3 Qxg3
15. Bf4 Qxd3 16. hxg4 Qxd1 17. Raxd1 Nxg4 18. exd5 g5 19. Bc1 Bd7 20. Rd4 Rac8
21. c4 b6 1/2-1/2